LEADER 01403nam0 2200337 i 450 001 SUN0125063 005 20191111021846.193 010 $d0.00 017 70$2O$a978-3-319-90902-8 100 $a20191030d2018 |0engc50 ba 101 $aeng 102 $aCH 105 $a|||| ||||| 200 1 $a*Topics on Continua$fSergio Macías 205 $a2. ed 210 $aCham$cSpringer$d2018 215 $axvii, 441 p.$cill.$d24 cm 606 $a54F15$xContinua and generalizations [MSC 2020]$2MF$3SUNC022379 606 $a54Cxx$xMaps and general types of topological spaces defined by maps [MSC 2020]$2MF$3SUNC024215 606 $a54Exx$xTopological spaces with richer structures [MSC 2020]$2MF$3SUNC029099 606 $a54Bxx$xBasic constructions in general topology [MSC 2020]$2MF$3SUNC033642 606 $a58E40$xVariational aspects of group actions in infinite-dimensional spaces [MSC 2020]$2MF$3SUNC035420 620 $aCH$dCham$3SUNL001889 700 1$aMacías$b, Sergio$3SUNV096517$066967 712 $aSpringer$3SUNV000178$4650 801 $aIT$bSOL$c20210503$gRICA 856 4 $uhttp://doi.org/10.1007/978-3-319-90902-8 912 $aSUN0125063 950 $aUFFICIO DI BIBLIOTECA DEL DIPARTIMENTO DI MATEMATICA E FISICA$d08CONS e-book 1437 $e08eMF1437 20191030 996 $aTopics on continua$9733807 997 $aUNICAMPANIA LEADER 02493nas 2200745-- 450 001 996206524603316 005 20200911054319.6 035 $a(CKB)110978977731223 035 $a(CONSER)---72104650- 035 $a(EXLCZ)99110978977731223 100 $a20750807b19692000 --- a 101 0 $aeng 181 $ctxt$2rdacontent 182 $cc$2rdamedia 183 $acr$2rdacarrier 200 00$aAstronomy and astrophysics abstracts 210 $aBerlin$cSpringer-Verlag 215 $a1 online resource 311 $aPrint version: Astronomy and astrophysics abstracts. (DLC) 72104650 (OCoLC)1518498 0067-0022 531 1 $aAstron. astrophys. abstr. 606 $aAstronomy$vAbstracts$vPeriodicals 606 $aAstrophysics$vAbstracts$vPeriodicals 606 $aAstronomy$vBibliography$vPeriodicals 606 $aAstrophysics$vBibliography$vPeriodicals 606 $aAstronomie$vRésumés analytiques$vPériodiques 606 $aAstrophysique$vRésumés analytiques$vPériodiques 606 $aAstronomie$vBibliographie$vPériodiques 606 $aAstrophysique$vBibliographie$vPériodiques 606 $a39.00 astronomy: general$3(NL-LeOCL)07760265X$2bcl 606 $a33.95 astrophysics$3(NL-LeOCL)077595785$2bcl 606 $aAstronomy$2fast$3(OCoLC)fst00819673 606 $aAstrophysics$2fast$3(OCoLC)fst00819797 606 $aSterrenkunde$2gtt 606 $aAstrofysica$2gtt 608 $aBibliographies.$2fast 608 $aAbstracts.$2fast 608 $aPeriodicals.$2fast 608 $aAbstract journals (form)$2gtt 608 $aAbstracts.$2lcgft 608 $aPeriodicals.$2lcgft 608 $aBibliographies.$2lcgft 615 0$aAstronomy 615 0$aAstrophysics 615 0$aAstronomy 615 0$aAstrophysics 615 6$aAstronomie 615 6$aAstrophysique 615 6$aAstronomie 615 6$aAstrophysique 615 7$a39.00 astronomy: general. 615 7$a33.95 astrophysics. 615 7$aAstronomy. 615 7$aAstrophysics. 615 17$aSterrenkunde. 615 17$aAstrofysica. 676 $a016.52 712 02$aAstronomisches Rechen-Institut, Heidelberg. 712 02$aInternational Astronomical Union. 712 02$aFachinformationszentrum Karlsruhe. 712 02$aInstitution of Electrical Engineers. 906 $aJOURNAL 912 $a996206524603316 920 $aexl_impl conversion 996 $aAstronomy and astrophysics abstracts$9892285 997 $aUNISA